EMMA / (Record no. 187039)

000 -LEADER
fixed length control field 00327 a2200157 4500
003 - CONTROL NUMBER IDENTIFIER
control field Nust
005 - DATE AND TIME OF LATEST TRANSACTION
control field 20230128133813.0
040 ## - CATALOGING SOURCE
Transcribing agency Nust
082 ## - DEWEY DECIMAL CLASSIFICATION NUMBER
Classification number 920AUS
100 ## - MAIN ENTRY--PERSONAL NAME
Personal name Austen , Jane
245 ## - TITLE STATEMENT
Title EMMA /
Statement of responsibility, etc. Jane Austen
260 ## - PUBLICATION, DISTRIBUTION, ETC.
Place of publication, distribution, etc. London
Name of publisher, distributor, etc. Collins
300 ## - PHYSICAL DESCRIPTION
Extent 380:p
650 ## - SUBJECT ADDED ENTRY--TOPICAL TERM
Topical term or geographic name entry element jane Austen
9 (RLIN) 108004
942 ## - ADDED ENTRY ELEMENTS (KOHA)
Source of classification or shelving scheme
Koha item type Book
Holdings
Withdrawn status Lost status Source of classification or shelving scheme Damaged status Not for loan Permanent Location Current Location Shelving location Date acquired Full call number Barcode Date last seen Price effective from Koha item type Public note
          Military College of Signals (MCS) Military College of Signals (MCS) General Stacks 12/12/2016 920,AUS MCS29974 12/08/2016 12/12/2016 Book Almirah No.59, Shelf No.2
© 2023 Central Library, National University of Sciences and Technology. All Rights Reserved.